<?xml version="1.0" encoding="UTF-8"?>
<record
    xmlns:xsi="http://www.w3.org/2001/XMLSchema-instance"
    xsi:schemaLocation="http://www.loc.gov/MARC21/slim http://www.loc.gov/standards/marcxml/schema/MARC21slim.xsd"
    xmlns="http://www.loc.gov/MARC21/slim">

  <leader>01554nam a22002297a 4500</leader>
  <controlfield tag="005">20231222162927.0</controlfield>
  <controlfield tag="008">231222b           ||||| |||| 00| 0 eng d</controlfield>
  <datafield tag="020" ind1=" " ind2=" ">
    <subfield code="a">9789353579470</subfield>
  </datafield>
  <datafield tag="040" ind1=" " ind2=" ">
    <subfield code="c">AL</subfield>
  </datafield>
  <datafield tag="041" ind1=" " ind2=" ">
    <subfield code="a">English</subfield>
  </datafield>
  <datafield tag="082" ind1=" " ind2=" ">
    <subfield code="2">23</subfield>
    <subfield code="a">305.2350954</subfield>
    <subfield code="b">BHAS</subfield>
  </datafield>
  <datafield tag="100" ind1=" " ind2=" ">
    <subfield code="a">Jyotsna Mohan Bhargava</subfield>
    <subfield code="9">147042</subfield>
  </datafield>
  <datafield tag="245" ind1=" " ind2=" ">
    <subfield code="a">Stoned shamed depressed : an explosive account of the secret lives of Indias teens</subfield>
  </datafield>
  <datafield tag="260" ind1=" " ind2=" ">
    <subfield code="a">Noida Uttar Pradesh</subfield>
    <subfield code="b">HarperCollins Publishers India</subfield>
    <subfield code="c">2020</subfield>
  </datafield>
  <datafield tag="300" ind1=" " ind2=" ">
    <subfield code="a">269 p.</subfield>
    <subfield code="b">PB</subfield>
    <subfield code="c">19x13 cm.</subfield>
  </datafield>
  <datafield tag="365" ind1=" " ind2=" ">
    <subfield code="a">6796</subfield>
    <subfield code="b">&#x20B9;360.00</subfield>
    <subfield code="c">&#x20B9;</subfield>
    <subfield code="d">&#x20B9;450.00</subfield>
    <subfield code="e">20%</subfield>
    <subfield code="f">18-12-2023</subfield>
  </datafield>
  <datafield tag="520" ind1=" " ind2=" ">
    <subfield code="a">In Stoned, Shamed, Depressed, journalist Jyotsna Mohan Bhargava investigates the secret lives of India's urban teens and comes up with an eye-opening account -- of struggles with addiction to substances, social media and gaming, dealing with intense peer pressure, bullying and body shaming, and the resultant physical and mental health issues. This book chronicles the confused journey of Indian teens to adulthood -- along a road that is full of temptation, where boundaries are easily blurred, and where the lure of easy adventure, often in the virtual world, can unleash events that have repercussions for years to come. The narrative interweaves accounts of teens, parents, teachers and child psychologists to reveal a deeply disturbing picture of modern-day school life in urban India.</subfield>
  </datafield>
  <datafield tag="650" ind1=" " ind2=" ">
    <subfield code="a"> urban Indian teenagers</subfield>
    <subfield code="9">147034</subfield>
  </datafield>
  <datafield tag="650" ind1=" " ind2=" ">
    <subfield code="a"> Biography &amp; Autobiography </subfield>
    <subfield code="9">147035</subfield>
  </datafield>
  <datafield tag="700" ind1=" " ind2=" ">
    <subfield code="a">BHARGAVA (Jyotsna Mohan)</subfield>
    <subfield code="9">146975</subfield>
  </datafield>
  <datafield tag="942" ind1=" " ind2=" ">
    <subfield code="2">ddc</subfield>
    <subfield code="c">BK</subfield>
  </datafield>
  <datafield tag="999" ind1=" " ind2=" ">
    <subfield code="c">229548</subfield>
    <subfield code="d">229548</subfield>
  </datafield>
  <datafield tag="952" ind1=" " ind2=" ">
    <subfield code="0">0</subfield>
    <subfield code="1">0</subfield>
    <subfield code="2">ddc</subfield>
    <subfield code="4">0</subfield>
    <subfield code="7">0</subfield>
    <subfield code="8">CAA</subfield>
    <subfield code="a">AL</subfield>
    <subfield code="b">AL</subfield>
    <subfield code="d">2023-12-21</subfield>
    <subfield code="e">Biblios Book Point Surathkal Mangalore 575014</subfield>
    <subfield code="g">360.00</subfield>
    <subfield code="l">0</subfield>
    <subfield code="o">305.2350954 BHAS</subfield>
    <subfield code="p">077013</subfield>
    <subfield code="r">2023-12-22 00:00:00</subfield>
    <subfield code="v">450.00</subfield>
    <subfield code="y">BK</subfield>
  </datafield>
</record>
